000 01100nam a2200313 i 4500
001 000004292
003 DO-SdBNP
005 20250310111224.0
007 ta
008 240610s2023 dr a 000 0 spa d
020 _a9789945634242
040 _aDO-SdBNP
_bspa
_cBNPHU
_erda
082 4 _a304.8
_bH498d
_222
100 1 _aHendricks, Glenn,
_eautor
_4aut.
_912673
245 1 4 _aLos dominicanos ausentes :
_bun pueblo en transición /
_cGlenn Hendricks
264 4 _aSanto Domingo :
_bBanco del Reservas, de la República Dominicana,
_c©2023.
300 _a243 paginas. :
_bilustraciones ;
_c21 cm.
336 _atexto
_btxt
_2rdacontent
337 _asin mediación
_bn
_2rdamedia
338 _avolumen
_bnc
_2rdacarrier
490 _aColección Clásicos de la migración dominicana
590 _aInventariado, 2024/DG
650 4 _aDominicanos en nueva york (estado)
_912674
651 4 _aRepública Dominicana
_xEmigración e inmigración
_9290
700 1 _aMuñiz, Anselmo,
_eprologuista
_4pr.
_91707
700 1 _aAlba, Kary,
_ecorrector
_4corr.
_987145
910 _aDG
942 _2ddc
_cLBS1
999 _c56791
_d56791